| 000 -LEADER |
| fixed length control field |
01975nam a2200265 a 4500 |
| 001 - CONTROL NUMBER |
| control field |
ASIN1848853300 |
| 005 - DATE AND TIME OF LATEST TRANSACTION |
| control field |
20170105102927.0 |
| 008 - FIXED-LENGTH DATA ELEMENTS--GENERAL INFORMATION |
| fixed length control field |
131212s2011 xxu eng d |
| 020 ## - INTERNATIONAL STANDARD BOOK NUMBER |
| International Standard Book Number |
1848853300 (hardcover) |
| Terms of availability |
$110.00 |
| 020 ## - INTERNATIONAL STANDARD BOOK NUMBER |
| International Standard Book Number |
9781848853300 (hardcover) |
| 040 ## - CATALOGING SOURCE |
| Original cataloging agency |
0 |
| 082 ## - DEWEY DECIMAL CLASSIFICATION NUMBER |
| Classification number |
200.904 |
| Author Mark |
FUN 2011 |
| 245 00 - TITLE STATEMENT |
| Title |
Fundamentalism in the modern world vol 1 : |
| Remainder of title |
fundamentalism, politics and history : |
| -- |
the state, globalisation and political ideologies / |
| Statement of responsibility, etc. |
Ulrika Martensson, Jennifer Bailey, Priscilla Ringrose, Asbjorn Dyrendal. |
| 260 ## - PUBLICATION, DISTRIBUTION, ETC. |
| Place of publication, distribution, etc. |
[S.l.] : |
| Name of publisher, distributor, etc. |
Tauris Academic Studies, |
| Date of publication, distribution, etc. |
2011. |
| 300 ## - PHYSICAL DESCRIPTION |
| Extent |
320 p. ; |
| Dimensions |
24 cm. |
| 490 1# - SERIES STATEMENT |
| Series statement |
International library of political studies. |
| 520 ## - SUMMARY, ETC. |
| Summary, etc. |
How does religious fundamentalism operate in modern global society? This book is the first in a two-volume set that analyzes the dynamics of fundamentalism and its relationship to the modern state, the public sphere and globalization. In this first volume, fundamentalism is approached from the perspective of state and community building, ideology and practices within the context of global society, and the ways in which fundamentalism is intertwined with issues of politics, state power, democracy, globalization, political activism and political ideology. Expert scholars in the field address specific contemporary and past fundamentalist movements that have emerged from within mainstream Islam, Christianity, Baha’ism, Hinduism, Judaism and Buddhism. This is an important study of an increasingly significant and controversial aspect of modern society, and will be essential reading in the fields of Religion, Politics and International Relations. |
| 700 1# - ADDED ENTRY--PERSONAL NAME |
| Personal name |
Martensson, Ulrika. |
| 700 1# - ADDED ENTRY--PERSONAL NAME |
| Personal name |
Bailey, Jennifer. |
| 700 1# - ADDED ENTRY--PERSONAL NAME |
| Personal name |
Ringrose, Priscilla. |
| 700 1# - ADDED ENTRY--PERSONAL NAME |
| Personal name |
Dyrendal, Asbjorn. |
| 830 #0 - SERIES ADDED ENTRY--UNIFORM TITLE |
| Uniform title |
International library of political studies. |
| 856 40 - ELECTRONIC LOCATION AND ACCESS |
| Materials specified |
Amazon.com |
| Uniform Resource Identifier |
<a href="http://www.amazon.com/exec/obidos/ASIN/1848853300/chopaconline-20">http://www.amazon.com/exec/obidos/ASIN/1848853300/chopaconline-20</a> |
| 942 ## - ADDED ENTRY ELEMENTS (KOHA) |
| Source of classification or shelving scheme |
|
| Koha item type |
Book |